Teaching of english: (Record no. 41967)
[ view plain ]
| 000 -LEADER | |
|---|---|
| fixed length control field | 00739nam a22002057a 4500 |
| 005 - DATE AND TIME OF LATEST TRANSACTION | |
| control field | 20100813115918.0 |
| 010 ## - LCCN (DPL NO) | |
| LC control number | ENG-100469 |
| 020 ## - INTERNATIONAL STANDARD BOOK NUMBER | |
| Terms of availability | 135.00 |
| International Standard Book Number | 9788190933070 |
| 035 ## - SYSTEM CONTROL NUMBER | |
| System control number | EN-84002 |
| 037 ## - SOURCE OF ACQUISITION | |
| Source of stock number/acquisition | DBAD/PUB |
| 082 ## - DEWEY DECIMAL CLASSIFICATION NUMBER | |
| Classification number | 480.7 |
| 100 ## - MAIN ENTRY--PERSONAL NAME | |
| Personal name | Prema, N |
| 245 u# - TITLE STATEMENT | |
| Title | Teaching of english: |
| Statement of responsibility, etc | by N. Prema |
| Remainder of title | paper- I (general english) / |
| 260 ## - PUBLICATION, DISTRIBUTION, ETC. (IMPRINT) | |
| Place of publication, distribution, etc | Chennai |
| Name of publisher, distributor, etc | G.V. Publications |
| Date of publication, distribution, etc | 2009 |
| 270 ## - ADDRESS | |
| Address | No. 187/ G, IIIrd Floor, Venkatrarangan Pillai Street, Triplicane, |
| City | Chennai |
| Postal code | 600005 |
| 300 ## - PHYSICAL DESCRIPTION | |
| Extent | 332p. |
| Dimensions | 22cm (pbk) |
| 700 ## - ADDED ENTRY--PERSONAL NAME | |
| 9 (RLIN) | 13048 |
| 942 ## - ADDED ENTRY ELEMENTS (KOHA) | |
| Source of classification or shelving scheme | Dewey Decimal Classification |
| Item type | English Books |
| Classification part | 480.7 |
| Call number suffix | PRE |
| Withdrawn status | Lost status | Not for loan | Collection code | Home library | Current library | Date acquired | Source of acquisition | Cost, normal purchase price | Full call number | Barcode | Copy number | Cost, replacement price | Koha item type |
|---|---|---|---|---|---|---|---|---|---|---|---|---|---|
| Not For Loan | Non-fiction | D.B.Act.Division | D.B.Act.Division | 14/08/2010 | DBAD/PUB | 135.00 | 480.7 PRE | EN-84002 | 1 | 135.00 | English Books |
